Statistics for Second Generation Pokemon

Click here to take the quiz!

General Stats

  • This quiz has been taken 53 times
  • The average score is 56 of 100

Answer Stats

#Pokemon% Correct
154Meganium
97%
152Chikorita
94%
153Bayleef
90%
155Cyndaquil
90%
156Quilava
90%
157Typhlosion
90%
244Entei
87%
160Feraligatr
84%
249Lugia
84%
243Raikou
84%
159Croconaw
81%
250Ho-Oh
81%
163Hoothoot
81%
158Totodile
81%
162Furret
77%
164Noctowl
77%
172Pichu
77%
161Sentret
77%
165Ledyba
74%
229Houndoom
68%
166Ledian
68%
240Magby
68%
167Spinarak
68%
208Steelix
68%
168Ariados
65%
251Celebi
65%
239Elekid
65%
212Scizor
65%
181Ampharos
61%
173Cleffa
61%
196Espeon
61%
180Flaaffy
61%
228Houndour
61%
179Mareep
61%
241Miltank
61%
169Crobat
58%
232Donphan
58%
174Igglybuff
58%
230Kingdra
58%
246Larvitar
58%
231Phanpy
58%
247Pupitar
58%
248Tyranitar
58%
197Umbreon
58%
198Murkrow
55%
186Politoed
55%
199Slowking
55%
185Sudowoodo
55%
175Togepi
55%
184Azumarill
52%
182Bellossom
52%
242Blissey
52%
237Hitmontop
52%
187Hoppip
52%
189Jumpluff
52%
183Marill
52%
221Piloswine
52%
227Skarmory
52%
188Skiploom
52%
238Smoochum
52%
216Teddiursa
52%
176Togetic
52%
210Granbull
48%
214Heracross
48%
177Natu
48%
209Snubbull
48%
234Stantler
48%
220Swinub
48%
236Tyrogue
48%
201Unown
48%
217Ursaring
48%
178Xatu
48%
170Chinchou
45%
203Girafarig
45%
171Lanturn
45%
213Shuckle
45%
235Smeargle
45%
215Sneasel
45%
192Sunflora
45%
191Sunkern
45%
206Dunsparce
42%
226Mantine
42%
211Qwilfish
42%
218Slugma
42%
222Corsola
39%
225Delibird
39%
219Magcargo
39%
223Remoraid
39%
202Wobbuffet
39%
224Octillery
35%
233Porygon2
35%
205Forretress
32%
207Gligar
32%
204Pineco
32%
195Quagsire
32%
193Yanma
32%
190Aipom
29%
245Suicine
29%
194Wooper
29%
200Misdreavous
26%

Score Distribution

Percentile by Number Answered

Percent of People with Each Score

Your Score History

You have not taken this quiz